| 000 | 00913nam a22002657a 4500 | ||
|---|---|---|---|
| 005 | 20170501105636.0 | ||
| 010 | _aB-528034-037 ENG-110459 | ||
| 020 |
_a9789381617229 _c695.00 |
||
| 035 | _aEN-93991 | ||
| 035 | _aB-528034-037 | ||
| 035 | _aB-667557 | ||
| 037 | _bDBAD/PUB | ||
| 037 |
_bKBD/Ven _adpl |
||
| 037 | _bDBAD/PUB | ||
| 082 | _a746.6 | ||
| 245 | 0 | 0 |
_aLearning batik / _cedited by Vinay Pathak |
| 260 |
_aNew Delhi _bBio-Green Books _c2012 |
||
| 270 |
_a4760-61/23, Ansari Road, Darya Ganj _bNew Delhi _e110002 |
||
| 300 |
_avi,192p.: _c22cm(pbk) _bill. |
||
| 500 | _aIncludes index | ||
| 700 | _aPathak,Vinay | ||
| 942 |
_2ddc _cEN _mLEA _h746.6 |
||
| 999 |
_c86779 _d86779 |
||